Historia de la educación y de la pegadogia / (Record no. 34396)

MARC details
000 -LEADER
campo de control de longitud fija 00535nam a2200181 i 4500
001 - NÚMERO DE CONTROL
campo de control 34396
003 - IDENTIFICADOR DE NÚMERO DE CONTROL
campo de control ES-MaACL
007 - CAMPO FIJO DE DESCRIPCIÓN FÍSICA--INFORMACIÓN GENERAL
campo de control de longitud fija t|
008 - DATOS DE LONGITUD FIJA--INFORMACIÓN GENERAL
campo de control de longitud fija 030207s1923 sp ||||1| spa d
100 1# - ENTRADA PRINCIPAL--NOMBRE DE PERSONA
Nombre de persona Blanco Suárez, Pedro.
9 (RLIN) 29296
245 10 - MENCIÓN DEL TÍTULO
Título Historia de la educación y de la pegadogia /
Mención de responsabilidad, etc. por Pedro Blanco Suárez.
260 ## - PUBLICACIÓN, DISTRIBUCIÓN, ETC.
Lugar de publicación, distribución, etc. Madrid :
Nombre del editor, distribuidor, etc. J. Cosano,
Fecha de publicación, distribución, etc. 1923.
300 ## - DESCRIPCIÓN FÍSICA
Extensión 278 p. ;
Dimensiones 22 cm.
490 1# - MENCIÓN DE SERIE
Mención de serie Museo pedagógico nacional
830 0# - PUNTO DE ACCESO ADICIONAL DE SERIE-TÍTULO UNIFORME
Título uniforme Museo pedagógico nacional
9 (RLIN) 229491
852 ## - LOCALIZACIÓN
Ubicación ES-MaACL
Número de control de estantería B-949
Holdings
Estatus retirado Estado de pérdida Estado de daño No para préstamo Biblioteca de origen Biblioteca actual Ubicación en estantería Fecha de adquisición Fuente de adquisición Total de préstamos Signatura topográfica completa Código de barras Visto por última vez Precio de reemplazo Tipo de ítem Koha
        Biblioteca del Ateneo de Madrid Biblioteca del Ateneo de Madrid Sala Pardo Bazán 17/01/2008     B-949 1035875 23/02/2023 23/02/2023 Libro impreso